Library Logo

Pioneer International University Library Catalogue

A season of waiting / (Record no. 9307)

MARC details
000 -LEADER
fixed length control field 00437nam a22001577a 4500
005 - DATE AND TIME OF LATEST TRANSACTION
control field 20250901165807.0
008 - FIXED-LENGTH DATA ELEMENTS--GENERAL INFORMATION
fixed length control field 010518s2002 ke 000 0 eng
010 ## - LIBRARY OF CONGRESS CONTROL NUMBER
LC control number 2002345071
020 ## - INTERNATIONAL STANDARD BOOK NUMBER
International Standard Book Number 9966251197
050 00 - LIBRARY OF CONGRESS CALL NUMBER
Classification number PR 9387.9 .O46 2011
100 1# - MAIN ENTRY--PERSONAL NAME
Personal name Omowale, David.
245 12 - TITLE STATEMENT
Title A season of waiting /
Statement of responsibility, etc. David Omowale.
260 ## - PUBLICATION, DISTRIBUTION, ETC.
Place of publication, distribution, etc. Nairobi :
Name of publisher, distributor, etc. East African Educational Publishers,
Date of publication, distribution, etc. 2002.
300 ## - PHYSICAL DESCRIPTION
Extent 145 p. ;
Dimensions 21 cm.
942 ## - ADDED ENTRY ELEMENTS (KOHA)
Source of classification or shelving scheme Library of Congress Classification
Holdings
Withdrawn status Lost status Source of classification or shelving scheme Damaged status Not for loan Collection Home library Current library Shelving location Date acquired Source of acquisition Total checkouts Full call number Barcode Date last seen Copy number Price effective from Koha item type
    Library of Congress Classification       Main Library Main Library   03/20/2025 Donation from KICD   PR 9387.9 .O46 2011 PIUD0000221 03/20/2025 1 03/20/2025 Books
    Library of Congress Classification       Main Library Main Library   03/20/2025 Donation from KICD   PR 9387.9 .O46 2011 PIUD0000222 03/20/2025 2 03/20/2025 Books